000 00479nam a2200157 i 4500
001 60043
003 ES-MaACL
005 20230906164139.0
007 t|
008 031103s1981 sp ||||1| spa d
245 0 3 _aLa España de las autonomías
_b: (pasado, presente y futuro) /
_cpor R. Acosta España ... [et al.].
260 _aMadrid :
_bEspasa-Calpe,
_c1981.
300 _a2 v. ;
_c23 cm.
700 1 _aAcosta España, R.
_918306
852 _aES-MaACL
_jL-1823-24
_bR.102843
999 _c60043
_d60043